00399nam a2200157Ia 4500008004100000082001000041100001900051245002500070260002400095300000800119365000600127520002900133630002500162650002900187730002500216100917s9999 xx 000 0 und d b46645 aJoyce Stranger aThe Honeywell Badger bDiccolo Booksc1974 a140 b0 aबालविभाग aThe Honeywell Badger aबालविभाग aThe Honeywell Badger